Neil Young ~ Heart of Gold - Statistics

General Stats
  • This quiz has been taken 108 times
  • The average score is 119 of 133
Answer Stats
Answer % Correct
for
100%
gold
100%
heart
100%
I
100%
of
100%
a
98%
been
95%
to
95%
I've
93%
searchin'
92%
I'm
90%
And
87%
and
87%
It's
87%
live
87%
me
87%
want
87%
old
85%
the
85%
Hollywood
83%
keep
83%
Keep
83%
getting
82%
miner
82%
Redwood
80%
give
78%
fine
77%
such
73%
line
72%
my
72%
ocean
72%
That
68%
these
67%
crossed
65%
expressions
63%
never
63%
keeps
60%
mind
58%
in
57%
growing
48%
You
37%
No matching quizzes found
Score Distribution
Percent of People with Each Score
Percentile by Number Answered
Your Score History
You have not taken this quiz